000 00869nam a2200253Ia 4500
003 OSt
005 20221005112309.0
006 a|||||r|||| 00| 0
007 ta
008 221004b |||||||| |||| 00| 0 pan d
020 _a9788178563046 (hbk)
_c170
024 _a3789
037 _b749, 12/03/2013, Bright Book Service
_cTextual
040 _aCRL
_cCRL
_bpan
041 _2pan
_apan
082 _aO153,3x, Q1
100 _aਅਮਰਜੀਤ ਕੈਰ, ਥਦ.
245 0 _aFੇਖਚਿੱਲੀ ਦੇ ਕਾਰਨਾਮੇ
260 _aਅੰਮ੍ਰਿਤਸਰ
_bਵਾਰਿਸ Fਾਹ ਭਾਰਤ
_c2011
300 _a144ਪੰ
_ccm.
650 _aਪੰਜਾਬੀ ਸਾਹਿਤ
942 _hO153,3x, Q1
_cTEXL
_2cc
999 _c1024463
_d1024463